Ładuje się......

Duryodhanan: kaurava vamsathinte itihasam 1: Choothu/

Opis bibliograficzny
1. autor: Anand Neelakandan
Format: Printed Book
Wydane: Kozhikode: Mathrubhumi Books, 2018.
Wydanie:3rd
Hasła przedmiotowe:
LEADER 00831nam a22002177a 4500
020 |a 9788182675001 
082 |a M3 (ITr.)  |b ANA/D.1 
100 |a Anand Neelakandan  |9 173592 
245 |a Duryodhanan:  |c by Anand Neelakandan.  |b kaurava vamsathinte itihasam 1: Choothu/ 
246 |a Ajaya:epic of the kaurava Clan Book 1: roll of the dice 
250 |a 3rd 
260 |a Kozhikode:  |b Mathrubhumi Books,  |c 2018. 
300 |a 560p. 
600 |a    |9 173593 
650 |a Translation English Novel  |9 173594 
650 |a Novel Malayalam  |9 173595 
650 |a Literature Malayalam  |9 173596 
650 |a Literature  |9 173597 
942 |c BK 
999 |c 142462  |d 142462 
952 |0 0  |1 0  |4 0  |6 M_3_000000000000000_ITR__ANA_D_1  |7 0  |9 98682  |a SSUS  |b SSUS  |c STACKS  |d 2019-08-16  |g 500.00  |l 3  |o M3 (ITr.) ANA/D.1  |p 095675  |q 2020-03-17  |r 2020-03-03  |s 2020-03-03  |w 2019-08-16  |y BK